00903cam a2200301 a 4500001000700000003000400007005001700011008004100028010001700069020001500086020001800101035001100119040001800130050002400148082002200172100003500194245007000229250004100299260003600340300002600376336002600402337002800428338002700456500002000483504002700503650003900530700003200569426969OSt20260316144243.0820113s1982 ilu b 001 0ceng  a 81022578  a0802496938 a9780802496935 a426969 aDLCcDLCdDLC00aBR1700.2b.M66 198200a270/.092/2aB2191 aMoyer, Elgin Sylvester,d1890-10aWycliffe biographical dictionary of the Church /cby Elgin Moyer. aRev. and enl. /bby Earle E. Cairns. aChicago :bMoody Press,cc1982. axxx, 449 p. ;c24 cm. atextbtxt2rdacontent aunmediatedbn2rdamedia avolumebnc2rdacarrier aIncludes index. aBibliography: p. v-vi. 0aChristian biographyxDictionaries.1 aCairns, Earle Edwin,d1910-